[Event "ODJM A 2017"]
[Site "Willingen GER"]
[Date "2017.06.06"]
[Round "4"]
[White "Orshonova, Elena"]
[Black "Wübker, Paul-Luca"]
[Result "1-0"]
[Termination "normal"]
[Board "12"]
[WhiteTitle "WFM"]
[WhiteElo "2019"]
[BlackElo "1806"]
[WhiteClock "00:59:16"]
[BlackClock "00:00:31"]
[PlyCount "81"]
[WhiteFideId "24174750"]
[BlackFideId "12939528"]
[EventCountry "GER"]
[EventRounds "9"]
[EventType "swiss"]
[EventDate "2017.06.03"]

1. Nf3 {[%clk 1:30:56]} 1... c5 {[%clk 1:30:02]} 2. g3 {[%clk 1:31:22]} 2... b6
{[%clk 1:25:34]} 3. Bg2 {[%clk 1:31:46]} 3... Bb7 {[%clk 1:25:58]} 4. O-O {
[%clk 1:32:13]} 4... g6 {[%clk 1:25:48]} 5. d3 {[%clk 1:32:23]} 5... Bg7 {
[%clk 1:25:31]} 6. Nbd2 {[%clk 1:32:46]} 6... d5 {[%clk 1:24:44]} 7. c3 { [%clk
1:32:06]} 7... Nc6 {[%clk 1:23:29]} 8. e4 {[%clk 1:31:53]} 8... d4 { [%clk
1:23:16]} 9. Qc2 {[%clk 1:32:05]} 9... dxc3 {[%clk 1:18:33]} 10. bxc3 { [%clk
1:32:11]} 10... Nb4 {[%clk 1:08:51]} 11. cxb4 {[%clk 1:32:35]} 11... Bxa1
{[%clk 1:09:14]} 12. bxc5 {[%clk 1:32:50]} 12... Bg7 {[%clk 1:03:17]} 13. Bb2 {
[%clk 1:27:13]} 13... Nf6 {[%clk 1:01:35]} 14. Qa4+ {[%clk 1:23:16]} 14... Qd7
{[%clk 1:00:49]} 15. Qxd7+ {[%clk 1:23:29]} 15... Kxd7 {[%clk 1:01:07]} 16.
Ne5+ {[%clk 1:23:50]} 16... Ke8 {[%clk 1:00:56]} 17. c6 {[%clk 1:24:13]} 17...
Ba6 {[%clk 1:00:43]} 18. Bh3 {[%clk 1:22:41]} 18... e6 {[%clk 0:44:49]} 19. Rc1
{[%clk 1:17:08]} 19... Ng8 {[%clk 0:41:17]} 20. Ndc4 {[%clk 1:16:46]} 20...
Bxc4 {[%clk 0:34:49]} 21. Rxc4 {[%clk 1:17:12]} 21... Bxe5 {[%clk 0:31:37]} 22.
Bxe5 {[%clk 1:17:38]} 22... f6 {[%clk 0:31:12]} 23. Bd6 {[%clk 1:16:36]} 23...
Kf7 {[%clk 0:30:12]} 24. e5 {[%clk 1:15:41]} 24... Ne7 {[%clk 0:17:30]} 25.
exf6 {[%clk 1:15:06]} 25... Nd5 {[%clk 0:14:19]} 26. Bg2 {[%clk 1:10:39]} 26...
Rhc8 {[%clk 0:11:35]} 27. c7 {[%clk 1:09:49]} 27... a5 {[%clk 0:11:17]} 28. Be5
{[%clk 1:04:57]} 28... Ra7 {[%clk 0:09:23]} 29. Bxd5 {[%clk 1:05:20]} 29...
exd5 {[%clk 0:09:35]} 30. Rh4 {[%clk 1:04:09]} 30... h5 {[%clk 0:08:37]} 31. g4
{[%clk 1:03:46]} 31... Ke6 {[%clk 0:05:55]} 32. f4 {[%clk 1:03:12]} 32... Raa8
{[%clk 0:04:45]} 33. gxh5 {[%clk 1:03:32]} 33... Rh8 {[%clk 0:05:01]} 34. h6 {
[%clk 1:02:19]} 34... Rh7 {[%clk 0:05:08]} 35. d4 {[%clk 1:02:07]} 35... b5 {
[%clk 0:04:37]} 36. Rh3 {[%clk 1:00:39]} 36... b4 {[%clk 0:03:23]} 37. a3 {
[%clk 1:00:53]} 37... a4 {[%clk 0:01:12]} 38. axb4 {[%clk 1:00:46]} 38... Rxh6
{[%clk 0:01:25]} 39. Rc3 {[%clk 0:59:15]} 39... Kd7 {[%clk 0:00:39]} 40. f7 {
[%clk 0:59:24]} 40... a3 {[%clk 0:00:31]} 41. c8=Q+ {[%clk 0:59:16]} 1-0

[Event "ODJM A 2017"]
[Site "Willingen GER"]
[Date "2017.06.06"]
[Round "4"]
[White "Koch, Yannick"]
[Black "Rieper, Julian"]
[Result "1-0"]
[Termination "normal"]
[Board "13"]
[WhiteElo "1927"]
[BlackElo "2064"]
[PlyCount "73"]
[WhiteFideId "24661678"]
[BlackFideId "12936960"]
[EventCountry "GER"]
[EventRounds "9"]
[EventType "swiss"]
[EventDate "2017.06.03"]

1. d4 d5 2. c4 c6 3. Nf3 Nf6 4. Nc3 Nbd7 5. e3 e6 6. Qc2 Be7 7. b3 O-O 8. Bd3
Re8 9. O-O a6 10. Bb2 b5 11. Ne2 Bb7 12. c5 h6 13. Ne5 Nxe5 14. dxe5 Ne4 15.
Bxe4 dxe4 16. Rfd1 Qa5 17. Ng3 Red8 18. Bd4 b4 19. Nxe4 Rd5 20. f4 Rd7 21. Qe2
Qd8 22. Qg4 a5 23. Nf6+ Bxf6 24. exf6 g6 25. Be5 Rd2 26. Bd4 Rc2 27. Qf3 a4 28.
h4 axb3 29. axb3 Raa2 30. Rxa2 Rxa2 31. h5 Qd5 32. hxg6 fxg6 33. e4 Qd8 34. Qg4
Qe8 35. Be5 Ra8 36. Rd7 Bc8 37. Rg7+ 1-0

[Event "ODJM A 2017"]
[Site "Willingen GER"]
[Date "2017.06.06"]
[Round "4"]
[White "Ortmeier, Leonhard"]
[Black "Lüßmann, Thomas"]
[Result "1-0"]
[Termination "normal"]
[Board "14"]
[WhiteElo "1921"]
[BlackElo "1952"]
[PlyCount "63"]
[WhiteFideId "12993662"]
[BlackFideId "1270602"]
[EventCountry "GER"]
[EventRounds "9"]
[EventType "swiss"]
[EventDate "2017.06.03"]

1. e4 e6 2. b3 d5 3. Bb2 Nf6 4. e5 Nfd7 5. f4 c5 6. Qg4 Nc6 7. Be2 a6 8. Nf3 b5
9. O-O Qc7 10. Kh1 Bb7 11. d3 O-O-O 12. a4 h5 13. Qg3 g6 14. axb5 axb5 15. d4
c4 16. bxc4 bxc4 17. Bc3 Ne7 18. Na3 Nf5 19. Qf2 Bc6 20. Rfb1 Bh6 21. Nb5 Bxb5
22. Rxb5 Qc6 23. Rba5 Bxf4 24. Qe1 Qb6 25. Ra6 Qb7 26. Ra7 Qb6 27. R1a6 Qb5 28.
Qa1 Ne7 29. Ba5 Nc6 30. Rc7+ Kb8 31. Rcxc6 Kb7 32. Rc7+ 1-0

[Event "ODJM A 2017"]
[Site "Willingen GER"]
[Date "2017.06.06"]
[Round "4"]
[White "Knudsen, Simon"]
[Black "Garbuz, Vitaliy"]
[Result "1/2-1/2"]
[Termination "normal"]
[Board "15"]
[WhiteElo "2004"]
[BlackElo "1841"]
[PlyCount "70"]
[WhiteFideId "12985546"]
[BlackFideId "12990710"]
[EventCountry "GER"]
[EventRounds "9"]
[EventType "swiss"]
[EventDate "2017.06.03"]

1. Nf3 e6 2. d4 d5 3. e3 f5 4. b3 c6 5. Bd3 Nf6 6. O-O Bd6 7. Ba3 O-O 8. Bxd6
Qxd6 9. Nbd2 Nbd7 10. c4 Ne4 11. Qc2 Ndf6 12. Ne5 Bd7 13. f3 Ng5 14. cxd5 cxd5
15. Rac1 Rac8 16. Qb2 Qb6 17. Qa3 Nf7 18. Nxf7 Kxf7 19. Rc5 Rxc5 20. dxc5 Qc7
21. Qxa7 Qe5 22. c6 Bxc6 23. Qd4 Qxd4 24. exd4 Ke7 25. Re1 Kd6 26. a4 Ra8 27.
Nb1 Ne8 28. Nc3 Nc7 29. Kf2 Re8 30. f4 Ra8 31. Kf3 Ne8 32. b4 Nf6 33. b5 Be8
34. h3 Bh5+ 35. Ke3 b6 1/2-1/2

[Event "ODJM A 2017"]
[Site "Willingen GER"]
[Date "2017.06.06"]
[Round "4"]
[White "Longo, Claudio"]
[Black "Helmer, Jan"]
[Result "1-0"]
[Termination "normal"]
[Board "16"]
[WhiteElo "1979"]
[BlackElo "1849"]
[PlyCount "141"]
[WhiteFideId "12994766"]
[BlackFideId "12956686"]
[EventCountry "GER"]
[EventRounds "9"]
[EventType "swiss"]
[EventDate "2017.06.03"]

1. d4 e6 2. Nd2 f5 3. g3 Nf6 4. Bg2 Be7 5. e4 fxe4 6. Nxe4 O-O 7. Ne2 d5 8. Ng5
h6 9. Nf3 c5 10. c3 Nc6 11. O-O Bd6 12. Nf4 Qc7 13. Re1 Qf7 14. Nd3 Ne4 15. Be3
c4 16. Nde5 Bxe5 17. Nxe5 Nxe5 18. Bxe4 Nf3+ 19. Bxf3 Qxf3 20. Qxf3 Rxf3 21.
Kg2 Rf7 22. Bf4 Bd7 23. h4 Re8 24. Re5 Rf5 25. Re2 h5 26. Bd6 g6 27. Rf1 Kh7
28. Re3 Rg8 29. Bf4 Rgf8 30. Rfe1 Kg8 31. f3 Re8 32. Bd6 Kh7 33. g4 Rf7 34. Re5
Rg8 35. Kg3 a6 36. Rg5 b5 37. f4 hxg4 38. Be5 Rf5 39. Rxg4 Rgf8 40. Kh3 Rg8 41.
Reg1 Bc8 42. Kg3 Bd7 43. Kf3 Bc8 44. Ke3 Bd7 45. R4g3 Bc8 46. R3g2 Bd7 47. Rh1
Rh5 48. Bf6 Rf5 49. Bg5 Be8 50. Kf3 Bf7 51. Kg4 Be8 52. Re2 Bf7 53. Ree1 Re8
54. a4 Ra8 55. axb5 axb5 56. Ra1 Ra4 57. Kf3 Be8 58. Ke3 Rf8 59. Be7 Rf7 60.
Bc5 Rb7 61. Ba3 Rba7 62. Rag1 Rg7 63. Rg5 Raa7 64. Rhg1 Raf7 65. Bd6 Ra7 66.
Kd2 Ra2 67. Kc2 Raa7 68. Be5 Rg8 69. h5 Ra8 70. hxg6+ Bxg6+ 71. Kd2 1-0

[Event "ODJM A 2017"]
[Site "Willingen GER"]
[Date "2017.06.06"]
[Round "4"]
[White "Petri, Ben-Luca"]
[Black "Mantel, Ruben"]
[Result "1/2-1/2"]
[Termination "normal"]
[Board "17"]
[WhiteElo "1709"]
[BlackElo "1961"]
[PlyCount "61"]
[WhiteFideId "12947261"]
[BlackFideId "12930121"]
[EventCountry "GER"]
[EventRounds "9"]
[EventType "swiss"]
[EventDate "2017.06.03"]

1. e4 c5 2. Nf3 Nc6 3. d4 cxd4 4. Nxd4 g6 5. c4 Bg7 6. Be3 Nf6 7. Nc3 Qa5 8.
Nb3 Qd8 9. Be2 d6 10. O-O O-O 11. Nd4 a6 12. Rc1 Bd7 13. f3 Rc8 14. Qd2 Re8 15.
Rfd1 Ne5 16. b3 Qa5 17. h3 Bc6 18. Nxc6 bxc6 19. Nd5 Qxd2 20. Nxf6+ Bxf6 21.
Rxd2 c5 22. f4 Nc6 23. Bg4 Rb8 24. Bd7 Nd4 25. Bxd4 Bxd4+ 26. Rxd4 cxd4 27.
Bxe8 Rxe8 28. e5 dxe5 29. fxe5 f5 30. Kf2 Kf7 31. Ke2 1/2-1/2

[Event "ODJM A 2017"]
[Site "Willingen GER"]
[Date "2017.06.06"]
[Round "4"]
[White "Hinrichs, Niklas"]
[Black "Kruglikova, Viktorija"]
[Result "1-0"]
[Termination "normal"]
[Board "18"]
[WhiteElo "1930"]
[BlackElo "1788"]
[PlyCount "45"]
[WhiteFideId "12942499"]
[BlackFideId "34120596"]
[EventCountry "GER"]
[EventRounds "9"]
[EventType "swiss"]
[EventDate "2017.06.03"]

1. d4 Nf6 2. c4 e6 3. Nc3 Bb4 4. Nf3 d6 5. e3 O-O 6. Bd3 Bxc3+ 7. bxc3 c5 8.
Qc2 Nc6 9. a3 b6 10. O-O e5 11. Bb2 Re8 12. Nd2 Ba6 13. f4 exf4 14. Rxf4 Rxe3
15. Ne4 Nh5 16. Rf5 g6 17. Rxh5 gxh5 18. Qd2 Rxd3 19. Qxd3 h4 20. Rf1 Kg7 21.
Nf6 Qh8 22. Qf3 Bxc4 23. Nh5+ 1-0

[Event "ODJM A 2017"]
[Site "Willingen GER"]
[Date "2017.06.06"]
[Round "4"]
[White "Seregina, Maria"]
[Black "Greßmann, Moritz"]
[Result "1-0"]
[Termination "normal"]
[Board "19"]
[WhiteElo "1829"]
[BlackElo "2100"]
[PlyCount "145"]
[WhiteFideId "24178853"]
[BlackFideId "24695084"]
[EventCountry "GER"]
[EventRounds "9"]
[EventType "swiss"]
[EventDate "2017.06.03"]

1. f4 d5 2. Nf3 c5 3. g3 Nc6 4. Bg2 g6 5. O-O Bg7 6. d3 Nf6 7. h3 O-O 8. Nbd2
Re8 9. e4 dxe4 10. dxe4 e5 11. fxe5 Nxe5 12. Nxe5 Rxe5 13. Nc4 Qxd1 14. Rxd1
Re8 15. e5 Nd7 16. Nd6 Re7 17. Bg5 Rxe5 18. Bf4 Re7 19. Nxc8 Rxc8 20. Bxb7 Rd8
21. c3 Bf6 22. Bc7 Rde8 23. Bc6 Rc8 24. Bd6 Rxc6 25. Bxe7 Ne5 26. Rd8+ Kg7 27.
Bf8+ Kg8 28. Be7+ Kg7 29. Bxf6+ Rxf6 30. Rd5 Nc4 31. b3 Ne3 32. Rd3 Nf5 33. Re1
Ra6 34. Re2 Kf6 35. g4 Nh4 36. Kf2 c4 37. bxc4 Rc6 38. Rd4 g5 39. Red2 Kg7 40.
Kg3 Re6 41. R4d3 h6 42. Kf2 Rc6 43. Ke1 Rxc4 44. Kd1 Ng6 45. Kc2 Ne5 46. Re3 f6
47. Kb3 Rc7 48. Re4 Rb7+ 49. Rb4 Rc7 50. Rd5 Kg6 51. c4 h5 52. c5 hxg4 53. hxg4
Kf7 54. Ka4 Ke6 55. Rbd4 Nf3 56. Rd6+ Ke5 57. R4d5+ Kf4 58. Rxf6+ Kxg4 59. c6
Kg3 60. Rd7 Rc8 61. c7 Ne5 62. Rg7 g4 63. Rd6 Nc4 64. Rd8 Nb6+ 65. Kb5 Kf3 66.
Rxc8 Nxc8 67. Kc6 g3 68. Kb7 Nd6+ 69. Kb8 g2 70. Kxa7 Kf2 71. Kb8 g1=Q 72. Rxg1
Kxg1 73. c8=Q 1-0

[Event "ODJM A 2017"]
[Site "Willingen GER"]
[Date "2017.06.06"]
[Round "4"]
[White "Terhuven, Patrick"]
[Black "Bold, Andre"]
[Result "1/2-1/2"]
[Termination "normal"]
[Board "20"]
[WhiteElo "2171"]
[BlackElo "1905"]
[PlyCount "69"]
[WhiteFideId "12919098"]
[BlackFideId "16208471"]
[EventCountry "GER"]
[EventRounds "9"]
[EventType "swiss"]
[EventDate "2017.06.03"]

1. d4 Nf6 2. Nf3 e6 3. g3 b6 4. Bg2 Bb7 5. c4 Be7 6. O-O O-O 7. Nc3 Ne4 8. Qc2
Nxc3 9. Qxc3 c5 10. Rd1 Bf6 11. Qd3 Bxf3 12. Bxf3 Nc6 13. dxc5 Ne5 14. Qa3
Nxf3+ 15. exf3 Qc7 16. Bf4 Qxc5 17. Qxc5 bxc5 18. Rxd7 Bxb2 19. Rb1 Bd4 20.
Rbb7 e5 21. Be3 Rab8 22. Rxf7 Rxb7 23. Rxb7 Bxe3 24. fxe3 Rxf3 25. Rxa7 Rxe3
26. Ra5 Re2 27. Rxc5 Rxa2 28. Rxe5 Rc2 29. Re4 Kf7 30. h4 Kf6 31. Kf1 g6 32.
Ke1 Kf5 33. Rf4+ Ke5 34. Rg4 Rg2 35. Kf1 1/2-1/2

[Event "ODJM A 2017"]
[Site "Willingen GER"]
[Date "2017.06.06"]
[Round "4"]
[White "Doll, Alexander"]
[Black "Meyer, Henrik"]
[Result "1/2-1/2"]
[Termination "normal"]
[Board "21"]
[WhiteElo "1784"]
[BlackElo "2125"]
[PlyCount "50"]
[WhiteFideId "16228294"]
[BlackFideId "12958182"]
[EventCountry "GER"]
[EventRounds "9"]
[EventType "swiss"]
[EventDate "2017.06.03"]

1. e4 c5 2. c3 d6 3. d4 Nf6 4. dxc5 Nc6 5. Bc4 g6 6. Nf3 Bg7 7. O-O dxc5 8.
Qxd8+ Nxd8 9. Re1 O-O 10. a4 Nc6 11. Na3 Bg4 12. Bf4 Bxf3 13. gxf3 Na5 14. Bf1
Nd7 15. Rad1 Ne5 16. Bxe5 Bxe5 17. Nc4 Nxc4 18. Bxc4 Rfd8 19. Rd5 Rxd5 20. Bxd5
Rb8 21. Bc4 Rd8 22. Bd5 b6 23. Rd1 Rd6 24. h3 Kg7 25. Bb3 Rxd1+ 1/2-1/2

[Event "ODJM A 2017"]
[Site "Willingen GER"]
[Date "2017.06.06"]
[Round "4"]
[White "Knüdel, Torben"]
[Black "Meulner, Fabian"]
[Result "0-1"]
[Termination "normal"]
[Board "22"]
[WhiteElo "1845"]
[BlackElo "1969"]
[PlyCount "152"]
[WhiteFideId "16208820"]
[BlackFideId "12913936"]
[EventCountry "GER"]
[EventRounds "9"]
[EventType "swiss"]
[EventDate "2017.06.03"]

1. e4 d6 2. d4 Nf6 3. Nc3 c6 4. f4 Qa5 5. Bd2 e5 6. dxe5 dxe5 7. fxe5 Ng4 8.
Nf3 Bc5 9. Qe2 Bf2+ 10. Kd1 Bc5 11. Kc1 Qc7 12. g3 Nxe5 13. Bf4 Bd6 14. Qd2 O-O
15. Be2 Qe7 16. Rd1 Bc7 17. Nxe5 Bxe5 18. Bxe5 Qxe5 19. Qf4 Qe7 20. a3 Be6 21.
b3 Nd7 22. Kb2 Qc5 23. Rd2 Ne5 24. b4 Nc4+ 25. Bxc4 Qxc4 26. Rad1 a5 27. Rd4
Qa6 28. bxa5 Qxa5 29. Ra4 Qb6+ 30. Rb4 Qa5 31. Ra4 Qc5 32. Qd6 Qxd6 33. Rxd6
Rxa4 34. Nxa4 Re8 35. Nc5 Bc8 36. Kc3 Kf8 37. Kd3 Ke7 38. Rd4 f6 39. Rb4 b5 40.
c4 Kd6 41. Nb3 bxc4+ 42. Kxc4 Rxe4+ 43. Kc3 Rxb4 44. Kxb4 Be6 45. Nc5 Bd5 46.
a4 Kc7 47. Nd3 g5 48. a5 f5 49. Kc5 Be4 50. Nf2 Bf3 51. Nd3 Be2 52. Ne5 f4 53.
gxf4 gxf4 54. Nxc6 f3 55. Ne7 f2 56. Nd5+ Kb7 57. Ne3 Ka6 58. Kb4 Bb5 59. h4
f1=Q 60. Nxf1 Bxf1 61. Ka4 h5 62. Kb4 Bb5 63. Kc5 Kxa5 64. Kd4 Kb4 65. Ke3 Kc3
66. Kf4 Kd4 67. Kg5 Be2 68. Kf4 Bg4 69. Kg3 Ke3 70. Kg2 Kf4 71. Kf2 Bf3 72. Kg1
Kg3 73. Kf1 Kxh4 74. Kf2 Kg4 75. Kg1 Kg3 76. Kf1 h4 0-1

[Event "ODJM A 2017"]
[Site "Willingen GER"]
[Date "2017.06.06"]
[Round "4"]
[White "Kracht, Raphael"]
[Black "Dette, Jan"]
[Result "1/2-1/2"]
[Termination "normal"]
[Board "23"]
[WhiteElo "1682"]
[BlackElo "2032"]
[PlyCount "73"]
[WhiteFideId "16214382"]
[BlackFideId "12936677"]
[EventCountry "GER"]
[EventRounds "9"]
[EventType "swiss"]
[EventDate "2017.06.03"]

1. e4 e5 2. Nf3 Nc6 3. Bb5 Nf6 4. O-O Nxe4 5. d4 Nd6 6. dxe5 Nxb5 7. a4 Nbd4 8.
Nxd4 Nxd4 9. Qxd4 d5 10. exd6 Qxd6 11. Re1+ Be6 12. Qe4 O-O-O 13. Nc3 Qb4 14.
Bg5 Qxe4 15. Rxe4 Rd7 16. Nb5 a6 17. Nd4 Bc5 18. Nxe6 fxe6 19. Rae1 h6 20. Be3
Bxe3 21. R4xe3 Rd2 22. R3e2 Rhd8 23. f3 R8d4 24. b3 Rxe2 25. Rxe2 Kd7 26. Kf2
b5 27. axb5 axb5 28. Ke3 e5 29. c3 Rd1 30. Rd2+ Rxd2 31. Kxd2 Kd6 32. Kd3 Kd5
33. h4 g6 34. g4 g5 35. hxg5 hxg5 36. Ke3 c5 37. Kd3 1/2-1/2

[Event "ODJM A 2017"]
[Site "Willingen GER"]
[Date "2017.06.06"]
[Round "4"]
[White "Stemmler, Fabian"]
[Black "Udaykumar, Arunn Mark"]
[Result "1-0"]
[Termination "normal"]
[Board "24"]
[WhiteElo "1982"]
[BlackElo "1793"]
[PlyCount "61"]
[WhiteFideId "12964808"]
[BlackFideId "12965456"]
[EventCountry "GER"]
[EventRounds "9"]
[EventType "swiss"]
[EventDate "2017.06.03"]

1. d4 g6 2. e4 Bg7 3. Nc3 d6 4. Be3 Nf6 5. f3 O-O 6. Qd2 e5 7. d5 c5 8. O-O-O
a6 9. Bh6 b5 10. h4 Qa5 11. Kb1 b4 12. Nce2 Nbd7 13. h5 Bxh6 14. Qxh6 c4 15. g4
c3 16. hxg6 fxg6 17. g5 Nh5 18. Ng3 Rf7 19. Nxh5 gxh5 20. Rxh5 Nf8 21. Bd3 Rb8
22. Qxd6 cxb2 23. Qxb8 Rb7 24. Qxc8 b3 25. cxb3 Rxb3 26. Bc4 Rc3 27. d6+ Kg7
28. Qb7+ Kh8 29. Rxh7+ Nxh7 30. Qc8+ Kg7 31. Qg8# 1-0

[Event "ODJM A 2017"]
[Site "Willingen GER"]
[Date "2017.06.06"]
[Round "4"]
[White "Schilay, Lorenz"]
[Black "Schimnatkowski, Lukas"]
[Result "0-1"]
[Termination "normal"]
[Board "25"]
[WhiteElo "1875"]
[BlackElo "2021"]
[PlyCount "74"]
[WhiteFideId "12930180"]
[BlackFideId "12936723"]
[EventCountry "GER"]
[EventRounds "9"]
[EventType "swiss"]
[EventDate "2017.06.03"]

1. e4 c5 2. c3 e6 3. d4 d5 4. exd5 exd5 5. Nf3 Nf6 6. Bg5 Qb6 7. Qc2 Ne4 8. Be3
Nd7 9. Nbd2 Ndf6 10. Nxe4 dxe4 11. dxc5 Bxc5 12. Bxc5 Qxc5 13. Nd4 O-O 14.
O-O-O a5 15. Kb1 a4 16. Bb5 a3 17. b3 Bg4 18. f3 exf3 19. gxf3 Bxf3 20. Nxf3
Qxb5 21. Rhg1 Rac8 22. Nd4 Qc5 23. Nf5 g6 24. b4 Qc7 25. Qf2 Kh8 26. Nd6 Qxc3
27. Nxc8 Qxb4+ 28. Ka1 Qc3+ 29. Kb1 Rxc8 30. Rc1 Qb4+ 31. Ka1 Rxc1+ 32. Rxc1
Ne4 33. Rc8+ Kg7 34. Qe2 Qd4+ 35. Kb1 Nc3+ 36. Rxc3 Qxc3 37. h4 Qb2+ 0-1

[Event "ODJM A 2017"]
[Site "Willingen GER"]
[Date "2017.06.06"]
[Round "4"]
[White "Diegel, Jonas"]
[Black "Englert, Jon"]
[Result "0-1"]
[Termination "normal"]
[Board "26"]
[WhiteElo "1554"]
[BlackElo "1929"]
[PlyCount "100"]
[WhiteFideId "16206061"]
[BlackFideId "12992275"]
[EventCountry "GER"]
[EventRounds "9"]
[EventType "swiss"]
[EventDate "2017.06.03"]

1. d4 Nf6 2. c4 g6 3. Nf3 Bg7 4. Nc3 O-O 5. e3 d6 6. Be2 Nbd7 7. O-O e5 8. b3
Re8 9. Qc2 Qe7 10. dxe5 Nxe5 11. Bb2 Bf5 12. Qd2 Rad8 13. Rad1 Nfg4 14. Nd5 Qd7
15. Nd4 c6 16. Nxf5 Qxf5 17. Nf4 Nf6 18. Nd3 h5 19. Nxe5 dxe5 20. Qxd8 Rxd8 21.
Rxd8+ Kh7 22. h3 Qc2 23. Bc1 Qxa2 24. Bd1 Qa5 25. Rd2 Qb4 26. Ra2 Qb6 27. Bc2
Nd7 28. Bd2 a6 29. Rb1 Qc7 30. Bc3 Qd6 31. Rd1 Qe7 32. Raa1 Nf8 33. Rd2 Qc5 34.
Ra5 Qe7 35. Ra1 f5 36. f3 Qc5 37. Kf2 f4 38. Rd3 fxe3+ 39. Ke2 Ne6 40. Rxe3
Nd4+ 41. Bxd4 exd4 42. Rd3 b5 43. Ra2 bxc4 44. bxc4 Qxc4 45. Bb3 Qb5 46. Ra4
Qg5 47. Kf2 Be5 48. Rxa6 Bg3+ 49. Ke2 Qe5+ 50. Kd1 Qe1+ 0-1

[Event "ODJM A 2017"]
[Site "Willingen GER"]
[Date "2017.06.06"]
[Round "4"]
[White "Weinkauf, Viktor"]
[Black "Kornitzky, Tino"]
[Result "1-0"]
[Termination "normal"]
[Board "27"]
[WhiteElo "1732"]
[BlackElo "1996"]
[PlyCount "91"]
[WhiteFideId "1272036"]
[BlackFideId "12970379"]
[EventCountry "GER"]
[EventRounds "9"]
[EventType "swiss"]
[EventDate "2017.06.03"]

1. d4 d5 2. Nf3 Nf6 3. c4 e6 4. g3 Bb4+ 5. Bd2 Be7 6. Bg2 O-O 7. O-O c6 8. Qc2
b6 9. Bf4 Ba6 10. b3 Nbd7 11. Rd1 Rc8 12. Nbd2 c5 13. dxc5 Bxc5 14. e4 dxc4 15.
Nxc4 b5 16. Nce5 Qe7 17. Nxd7 Nxd7 18. Qd3 Nf6 19. Bd6 Bxd6 20. Qxd6 Qb7 21.
Rac1 Nxe4 22. Qe5 Rxc1 23. Rxc1 Qd5 24. Qxd5 exd5 25. Rc7 Ra8 26. Ne5 f6 27.
Nc6 Kf8 28. Nb4 Bc8 29. Nxd5 Bf5 30. Ne7 g6 31. g4 Rd8 32. gxf5 Rd1+ 33. Bf1
Nd2 34. fxg6 hxg6 35. Nxg6+ Kg8 36. Ne7+ Kf8 37. Ng6+ Kg8 38. Rxa7 Rxf1+ 39.
Kg2 Rc1 40. h4 Ne4 41. b4 Rc2 42. Kf3 Nd6 43. Ne7+ Kh8 44. Ng6+ Kg8 45. h5 Rc8
46. Ne7+ 1-0

[Event "ODJM A 2017"]
[Site "Willingen GER"]
[Date "2017.06.06"]
[Round "4"]
[White "Kreutz, Jonas"]
[Black "Grund, Sebastian"]
[Result "1-0"]
[Termination "normal"]
[Board "29"]
[WhiteElo "1926"]
[BlackElo "1840"]
[PlyCount "67"]
[WhiteFideId "12970697"]
[BlackFideId "12988626"]
[EventCountry "GER"]
[EventRounds "9"]
[EventType "swiss"]
[EventDate "2017.06.03"]

1. e4 c5 2. Nf3 g6 3. d4 cxd4 4. Qxd4 Nf6 5. Nc3 Nc6 6. Qa4 Bg7 7. e5 Ng8 8.
Bf4 Nh6 9. Bd3 O-O 10. h4 Ng4 11. h5 Qb6 12. O-O-O Nxf2 13. hxg6 hxg6 14. Nd5
Qd8 15. Bg5 Nxd3+ 16. Rxd3 f6 17. e6 dxe6 18. Nxf6+ exf6 19. Rxd8 Rxd8 20. Bh6
Rd5 21. Bxg7 Kxg7 22. Qf4 Ne7 23. Qh6+ Kf7 24. Qh7+ Ke8 25. Qh8+ Kd7 26. Qxf6
Nf5 27. Rh7+ Kc6 28. Qxg6 Bd7 29. g4 Ng3 30. c4 Rd6 31. Ne5+ Kc7 32. Rxd7+ Rxd7
33. Nxd7 Kxd7 34. Qf7+ 1-0

[Event "ODJM A 2017"]
[Site "Willingen GER"]
[Date "2017.06.06"]
[Round "4"]
[White "Brockmeyer, Tobias"]
[Black "Steffens, Oliver"]
[Result "0-1"]
[Termination "normal"]
[Board "30"]
[WhiteElo "1586"]
[BlackElo "1948"]
[PlyCount "80"]
[WhiteFideId "12982385"]
[BlackFideId "12947148"]
[EventCountry "GER"]
[EventRounds "9"]
[EventType "swiss"]
[EventDate "2017.06.03"]

1. d4 Nf6 2. Bg5 d5 3. e3 c5 4. Bxf6 gxf6 5. dxc5 Nc6 6. Nc3 e6 7. Qh5 Bxc5 8.
O-O-O Qe7 9. Qh6 Bd7 10. Nf3 O-O-O 11. Be2 Rhg8 12. Rhg1 Ne5 13. Nd4 f5 14. Qh3
Qf6 15. f4 Ng4 16. Bxg4 Rxg4 17. Qf3 Rdg8 18. g3 Kb8 19. Kb1 Rc8 20. Rg2 Bc6
21. Rgd2 a6 22. Qe2 b5 23. a3 Bb7 24. Rd3 Rgg8 25. Nb3 Bxa3 26. bxa3 Rxc3 27.
Rxc3 Qxc3 28. Rd3 Qc4 29. Qd2 Rc8 30. Kb2 Qc7 31. c3 a5 32. Nd4 Ba6 33. Nb3 b4
34. axb4 axb4 35. cxb4 Bxd3 36. Qxd3 Qc4 37. Qd2 Rc7 38. Nd4 Ra7 39. Kb1 Qf1+
40. Kb2 Qa1+ 0-1

[Event "ODJM A 2017"]
[Site "Willingen GER"]
[Date "2017.06.06"]
[Round "4"]
[White "Elier, Ali"]
[Black "Rudolph, Eva"]
[Result "1/2-1/2"]
[Termination "normal"]
[Board "31"]
[WhiteElo "1931"]
[BlackElo "1679"]
[PlyCount "131"]
[WhiteFideId "16217543"]
[BlackFideId "16200594"]
[EventCountry "GER"]
[EventRounds "9"]
[EventType "swiss"]
[EventDate "2017.06.03"]

1. e4 e5 2. Bc4 Nf6 3. d3 Nc6 4. Nc3 Be7 5. Nf3 d6 6. h3 O-O 7. Be3 a6 8. a3
Rb8 9. d4 exd4 10. Nxd4 Bd7 11. O-O Re8 12. Qf3 Ne5 13. Qe2 Nxc4 14. Qxc4 Bf8
15. Nf3 h6 16. Rfe1 Bc6 17. Bf4 Nd7 18. Nd4 Nb6 19. Qd3 Bd7 20. Rad1 Qf6 21.
Bg3 Rbd8 22. Re3 Be6 23. Nxe6 Qxe6 24. b3 Be7 25. Nd5 Nxd5 26. exd5 Qd7 27. Re4
Bg5 28. Rde1 Bf6 29. Qc4 Kf8 30. Qb4 Qb5 31. Qxb5 axb5 32. Kf1 Bb2 33. a4 bxa4
34. Rxa4 Rxe1+ 35. Kxe1 Be5 36. Bh4 g5 37. Bg3 Bxg3 38. fxg3 c6 39. Ra7 Re8+
40. Kd2 Re5 41. dxc6 bxc6 42. Ra6 Rd5+ 43. Ke3 c5 44. Ra8+ Kg7 45. Re8 Kf6 46.
g4 Rd1 47. Ke2 Rd5 48. Re4 Re5 49. Rxe5 Kxe5 50. Ke3 d5 51. c3 Kd6 52. Kd3 Kc6
53. Kc2 Kb5 54. Kd3 Kc6 55. Kc2 Kb5 56. Kb2 Ka5 57. Ka3 Kb5 58. Ka2 c4 59. b4
d4 60. Kb2 d3 61. Kc1 Ka4 62. Kd2 Kb5 63. Ke3 Ka4 64. g3 Kb3 65. Kd2 Ka4 66.
Kc1 1/2-1/2

[Event "ODJM A 2017"]
[Site "Willingen GER"]
[Date "2017.06.06"]
[Round "4"]
[White "Verhufen, Hendrik"]
[Black "Dechant, Georg"]
[Result "0-1"]
[Termination "normal"]
[Board "32"]
[WhiteElo "1408"]
[BlackElo "2031"]
[PlyCount "56"]
[WhiteFideId "12975818"]
[BlackFideId "12956716"]
[EventCountry "GER"]
[EventRounds "9"]
[EventType "swiss"]
[EventDate "2017.06.03"]

1. e4 c5 2. Nf3 d6 3. d4 cxd4 4. Nxd4 Nf6 5. Nc3 a6 6. Be3 e5 7. Nf3 Be7 8. Bc4
O-O 9. O-O Be6 10. Bxe6 fxe6 11. Ng5 Qd7 12. f4 exf4 13. Bxf4 h6 14. e5 dxe5
15. Qxd7 Nbxd7 16. Nxe6 Rfc8 17. Be3 Kf7 18. Nd4 exd4 19. Bxd4 Bc5 20. Rad1
Bxd4+ 21. Rxd4 Kg8 22. Rd6 b5 23. Nd5 Nxd5 24. Rxd7 Nf6 25. Rb7 Rxc2 26. Re1
Rd8 27. h3 Rdd2 28. Ree7 Rxg2+ 0-1